| 000 | 00427nam a2200169Ia 4500 | ||
|---|---|---|---|
| 008 | 230711s9999||||xx |||||||||||||| ||und|| | ||
| 020 | _a81-7008-991-3 | ||
| 041 | _aENG | ||
| 082 |
_a629.2 _bRA-A |
||
| 100 | _aRajput,R.K | ||
| 245 | 2 | _aA textbook of automobile engineering | |
| 250 | _a2nd Ed. | ||
| 260 |
_c2015 _aNew Delhi _bLaxmi Publications(P) Ltd |
||
| 300 | _a984p. | ||
| 650 | _aMechanical Engineering | ||
| 942 | _cBK | ||
| 999 |
_c5904 _d5904 |
||